| 000 | 00520nam a2200169 4500 | ||
|---|---|---|---|
| 001 | 120615 | ||
| 003 | ES-MaACL | ||
| 007 | t| | ||
| 008 | 070214s1971 mx r ||||1| spa d | ||
| 100 | 1 |
_aPozas, Ricardo. _993530 |
|
| 245 | 1 | 4 |
_aLos indios en las clases sociales de México / _cpor Ricardo Pozas e Isabel H. de Pozas. |
| 250 | _a1ª ed. | ||
| 260 |
_aMéxico [etc.] : _bSiglo Veintiuno, _c1971. |
||
| 300 |
_aVIII, 181 p. ; _c18 cm. |
||
| 700 | 1 |
_aPozas, Isabel H. de. _993528 |
|
| 852 |
_aES-MaACL _jE-5442 _bR.89522 |
||
| 999 |
_c120615 _d120615 |
||